000 00587nmm a2200145Ia 4500
008 251105s9999||||xx |||||||||||||||||und||
041 _aspa
100 _aDelgado Salazar, Ricardo
245 0 _aDel desprecio social al reconocimiento: Las prácticas de orientación escolar de niños, niñas y jóvenes desvinculados y desmovilizados de los grupos armados en Colombia
264 _a[Bogotá, Colombia] :
_bEditorial Pontificia Universidad Javeriana,
_c2018
300 _a222 páginas
650 _aEducation
856 _uhttps://public.digitaliapublishing.com/a/59781
942 _cCF
999 _c106595
_d106595